| 000 | 005430000a22002050004500 | ||
|---|---|---|---|
| 003 | LK-CoMWRAF | ||
| 005 | 20240319101204.0 | ||
| 008 | 230817t1995 ||||| |||| 00| 0 eng d | ||
| 020 | _a9555720045 | ||
| 040 |
_aLK-CoMWRAF _dLK-CoMWRAF _eLK-CoMWRAF |
||
| 041 | _aeng | ||
| 082 |
_a954.93 _bSEN |
||
| 100 | _aSeneviratne, Mark | ||
| 245 | _aSearch for a Tamil homeland | ||
| 260 |
_aColombo: _bSwastika, _c1995 |
||
| 300 | _a57 p. | ||
| 650 | _aMILITARY INTERVENTION-History-Sri Lanka | ||
| 650 | _aEthnic conflict-Sri Lanka | ||
| 942 | _cBK | ||
| 999 |
_c2523 _d2523 |
||